| 000 | 00407nam a22001697a 4500 | ||
|---|---|---|---|
| 005 | 20230607190339.0 | ||
| 008 | 230607b |||||||| |||| 00| 0 eng d | ||
| 020 | _a9789332550445 | ||
| 082 |
_a537.6 _bGRI-I |
||
| 100 | _aGriffiths David.J | ||
| 245 | _aIntroduction To Electrodynamics | ||
| 250 | _a4th | ||
| 260 |
_aIndia _c2018 |
||
| 650 | _aEngineering | ||
| 700 | _aDavid J.Griffiths | ||
| 999 |
_c18649 _d18649 |
||